Uvažujete o alianci? (Co je dobré o tom vědět)

Vymedzenie pojmu aliancia. Vznik a typy aliancií. Prínosy vytvorenia aliancií. Predpoklady úspechu aliancie.

Na minha lista:
Detalhes bibliográficos
Autor principal: Souček, Zdeněk
Formato: Capítulo de Livro
Idioma:tcheco
Assuntos:
Tags: Adicionar Tag
Sem tags, seja o primeiro a adicionar uma tag!

MARC

LEADER 00000naa a2200000 4500
001 r038834
005 20231002100942.7
041 0 |a cze 
044 |a CZ 
245 1 0 |a Uvažujete o alianci?  |b (Co je dobré o tom vědět)  |c Zdeněk Souček 
520 |a Vymedzenie pojmu aliancia. Vznik a typy aliancií. Prínosy vytvorenia aliancií. Predpoklady úspechu aliancie. 
610 2 0 |a aliancie strategické 
610 2 0 |a vzťahy obchodné záväzkové 
610 2 0 |a spolupráca podnikov 
610 2 0 |a riziko 
610 2 0 |a konkurencia 
610 2 0 |a metódy riadenia 
610 2 0 |a manažéri 
100 1 |a Souček, Zdeněk